| 000 | 03793nam0a22004211 4500 | ||
|---|---|---|---|
| 001 | rc\147506 | ||
| 005 | 20250612180423.0 | ||
| 010 |
_a5-289-01805-0 _920000 |
||
| 035 | _a(NLR Aleph) 008769904 | ||
| 090 |
_a7917567 _c7917567 |
||
| 100 | _a20030307d1994 |||y0rusy50 ca | ||
| 101 | 0 | _arus | |
| 102 | _aRU | ||
| 105 | _aa ||||||||| | ||
| 200 | 1 |
_aВесь Шерлок Холмс _eВариации _e[Сборник _fРед.-сост. А.В. Коротнян _gПод общ. ред. А.И. Белинского _gХудож. И.Г. Архипов, Ю.Н. Чигирев] |
|
| 210 |
_aСПб. _cЛениздат _d1994 |
||
| 215 |
_a442, [2] с. _cил. _d21 |
||
| 225 | 1 | _aCrime | |
| 327 | 0 | _aСодерж.: Семь циферблатов; Приключение в Камберуэлле; Восковые игроки, и др. произведения / Адриан К. Дойл, Дж.Д. Карр. Преступление в Фаvioxc-Pace; Загадка рубина "Аббас"; Черные ангелы, и др. произведения / Адриан К. Дойл. Этюд о страхе / Э. Куин. Пародии и подражания: Методы Шемрока Джолиса; Ищейки / О. Генри. Украденный портсигар / Ф. Брет-Гарт. Грабеж на панихиде / П. Орловец. Кровавые драгоценности | |
| 464 | 0 |
_12001#$aСемь циферблатов _1700#1$aДойл$bА. К.$gАдриан К. _1701#1$aКарр$bД. Д.$f1906-1977$gДжон Диксон$3RU\NLR\AUTH\7712532 _tСемь циферблатов _aДойл, Адриан К. |
|
| 464 | 0 |
_12001#$aПриключение в Камберуэлле _1700#1$aДойл$bА. К.$gАдриан К. _1701#1$aКарр$bД. Д.$f1906-1977$gДжон Диксон$3RU\NLR\AUTH\7712532 _tПриключение в Камберуэлле _aДойл, Адриан К. |
|
| 464 | 0 |
_12001#$aВосковые игроки _1700#1$aДойл$bА. К.$gАдриан К. _1701#1$aКарр$bД. Д.$f1906-1977$gДжон Диксон$3RU\NLR\AUTH\7712532 _tВосковые игроки _aДойл, Адриан К. |
|
| 464 | 0 |
_12001#$aПреступление в Фаvioxc-Pace _1700#1$aДойл$bА. К.$gАдриан К. _tПреступление в Фаvioxc-Pace _aДойл, Адриан К. |
|
| 464 | 0 |
_12001#$aЗагадка рубина "Аббас" _1700#1$aДойл$bА. К.$gАдриан К. _tЗагадка рубина "Аббас" _aДойл, Адриан К. |
|
| 464 | 0 |
_12001#$aЧерные ангелы _1700#1$aДойл$bА. К.$gАдриан К. _tЧерные ангелы _aДойл, Адриан К. |
|
| 464 | 0 |
_12001#$aЭтюд о страхе _1700#1$aКуин$bЭ. _tЭтюд о страхе _aКуин, Э. |
|
| 464 | 0 |
_12001#$aМетоды Шемрока Джолиса _1700#1$aГенри$bО.$f1862-1910$3RU\NLR\AUTH\77198 _tМетоды Шемрока Джолиса _aГенри, О. (1862-1910) |
|
| 464 | 0 |
_12001#$aИщейки _1700#1$aГенри$bО.$f1862-1910$3RU\NLR\AUTH\77198 _tИщейки _aГенри, О. (1862-1910) |
|
| 464 | 0 |
_12001#$aУкраденный портсигар _1700#1$aБрет-Гарт$bФ. _tУкраденный портсигар _aБрет-Гарт, Ф. |
|
| 464 | 0 |
_12001#$aГрабеж на панихиде _1700#1$aОрловец$bП.$f1872-ок.1929$3RU\NLR\AUTH\7758879 _tГрабеж на панихиде _aОрловец, П. (1872-ок.1929) |
|
| 464 | 0 |
_12001#$aКровавые драгоценности _tКровавые драгоценности |
|
| 702 | 1 |
_aКоротнян _bА. В. _gАнатолий Васильевич _4340 |
|
| 801 | 0 |
_aRU _bNLR _gpsbo |
|
| 801 | 1 |
_aRU _bELAR _2rusmarc |
|
| 852 |
_aNLR _j95-3/2749 |
||
| 942 | _cBOOK | ||
| 980 | _aNB | ||